| 000 | 00869pam a2200289 a 4500 | ||
|---|---|---|---|
| 999 |
_c4522 _d4522 |
||
| 001 | 91179 | ||
| 003 | GBCCL | ||
| 005 | 20241126110520.0 | ||
| 008 | 890616s1989 ilu b 001 0 eng | ||
| 010 | _a 89036270 | ||
| 020 | _a0340488115 | ||
| 035 | _a(OCoLC)ocm20013243 | ||
| 040 |
_aDLC _cDLC |
||
| 049 | _aLBBK | ||
| 050 | 0 | 0 |
_aBT375.2 _b.W46 1989 |
| 082 | 0 | 0 |
_a226.806 _220 _bWEN |
| 090 |
_aBT375.2 _b.W46 1989 |
||
| 100 | 1 |
_aWenham, David. _92754 |
|
| 245 | 1 | 4 |
_aThe parables of Jesus / _cDavid Wenham. |
| 260 |
_aDowners Grove, Ill. : _bInterVarsity Press, _cc1989. |
||
| 300 |
_a256 p. ; _c21 cm. |
||
| 440 | 0 |
_aJesus library _98396 |
|
| 504 | _aIncludes bibliographical references (p. [246]-248) and indexes. | ||
| 600 | 0 | 0 |
_aJesus Christ _xParables. _92282 |
| 630 | 0 | 0 |
_aBible. _pN.T. _pGospels _xCriticism, interpretation, etc. _92995 |
| 942 |
_2ddc _cBK _09 |
||